000 00541nam a22001937a 4500
005 20140610124816.0
010 _aENG-110152
020 _a9788184301748
_c250.00
035 _aEN-93684
037 _bDBAD/PUB
082 _a954.0841
100 _aRajendra Prasad
245 _aSatyagraha in Champaran /
_cby Rajendra Prasad
260 _aNew Delhi
_bOcean Books
_c2013
270 _a4/19 Asaf Ali Road
_bNew Delhi
_e110002
300 _a192p.
_c22cm(Hb)
500 _aIncludes index
942 _2ddc
_cEN
_mRAJ
_h954.0841
999 _c84878
_d84878